000 00476nam a2200181Ia 4500
005 20250326130133.0
008 250326s9999 xx 000 0 und d
037 _aTextbook
040 _aFMSL
_beng
_cFMSL
041 _aeng
_2eng
084 _qFMSL
100 _aScherer F M
245 0 _aEconomics of multi-plant operations
_cScherer F M
260 _aNew Delhi
_bNew Delhi, Harverd University
_c1975
300 _a448p
942 _cTB
999 _c1281093
_d1281093